<?xml version="1.0" encoding="UTF-8"?>
<record
    xmlns:xsi="http://www.w3.org/2001/XMLSchema-instance"
    xsi:schemaLocation="http://www.loc.gov/MARC21/slim http://www.loc.gov/standards/marcxml/schema/MARC21slim.xsd"
    xmlns="http://www.loc.gov/MARC21/slim">

  <leader>00462nam a22001457a 4500</leader>
  <controlfield tag="008">160609b        xxu||||| |||| 00| 0 eng d</controlfield>
  <datafield tag="020" ind1=" " ind2=" ">
    <subfield code="a">9780199560301</subfield>
  </datafield>
  <datafield tag="050" ind1=" " ind2=" ">
    <subfield code="a">HD 30.28.H47 2008</subfield>
  </datafield>
  <datafield tag="100" ind1=" " ind2=" ">
    <subfield code="a">Henry, Antony</subfield>
  </datafield>
  <datafield tag="245" ind1=" " ind2=" ">
    <subfield code="a">Understanding strategic management/</subfield>
    <subfield code="c">Anthony Henry.-</subfield>
  </datafield>
  <datafield tag="250" ind1=" " ind2=" ">
    <subfield code="a">indian edition:</subfield>
  </datafield>
  <datafield tag="260" ind1=" " ind2=" ">
    <subfield code="a">New York;</subfield>
    <subfield code="b">Oxford,</subfield>
    <subfield code="c">2008</subfield>
  </datafield>
  <datafield tag="300" ind1=" " ind2=" ">
    <subfield code="a">xxv,441p.: ill.</subfield>
    <subfield code="b">includes index</subfield>
  </datafield>
  <datafield tag="942" ind1=" " ind2=" ">
    <subfield code="2">lcc</subfield>
    <subfield code="c">BOOKS</subfield>
    <subfield code="h">HD 30.28.H47 2008</subfield>
    <subfield code="0">2</subfield>
  </datafield>
  <datafield tag="999" ind1=" " ind2=" ">
    <subfield code="c">11179</subfield>
    <subfield code="d">11179</subfield>
  </datafield>
  <datafield tag="952" ind1=" " ind2=" ">
    <subfield code="0">0</subfield>
    <subfield code="1">0</subfield>
    <subfield code="2">lcc</subfield>
    <subfield code="4">0</subfield>
    <subfield code="7">0</subfield>
    <subfield code="a">MUC</subfield>
    <subfield code="b">MUC</subfield>
    <subfield code="d">2015-04-02</subfield>
    <subfield code="l">5</subfield>
    <subfield code="o">HD 30.28 .H47 2008</subfield>
    <subfield code="p">899</subfield>
    <subfield code="r">2020-10-19</subfield>
    <subfield code="s">2020-03-18</subfield>
    <subfield code="w">2015-04-02</subfield>
    <subfield code="y">BOOKS</subfield>
  </datafield>
  <datafield tag="952" ind1=" " ind2=" ">
    <subfield code="0">0</subfield>
    <subfield code="1">0</subfield>
    <subfield code="2">lcc</subfield>
    <subfield code="4">0</subfield>
    <subfield code="7">0</subfield>
    <subfield code="a">MUC</subfield>
    <subfield code="b">MUC</subfield>
    <subfield code="d">2016-04-12</subfield>
    <subfield code="l">5</subfield>
    <subfield code="o">HD 30.213 .B 2008</subfield>
    <subfield code="p">896</subfield>
    <subfield code="r">2019-06-07</subfield>
    <subfield code="s">2018-11-17</subfield>
    <subfield code="w">2016-04-12</subfield>
    <subfield code="y">BOOKS</subfield>
  </datafield>
  <datafield tag="952" ind1=" " ind2=" ">
    <subfield code="0">0</subfield>
    <subfield code="1">0</subfield>
    <subfield code="2">ddc</subfield>
    <subfield code="4">0</subfield>
    <subfield code="7">0</subfield>
    <subfield code="a">MUC</subfield>
    <subfield code="b">MUC</subfield>
    <subfield code="c">GEN</subfield>
    <subfield code="d">2016-06-09</subfield>
    <subfield code="e">donation(B.F.A)</subfield>
    <subfield code="l">4</subfield>
    <subfield code="o">HD 30.28.H47 2008</subfield>
    <subfield code="p">861</subfield>
    <subfield code="r">2019-06-06</subfield>
    <subfield code="s">2017-10-12</subfield>
    <subfield code="w">2016-06-09</subfield>
    <subfield code="y">BOOKS</subfield>
  </datafield>
</record>
